000 00252nam a2200097Ia 4500
001 1195470
005 20250827021748.0
008 250824s9999 xx 000 0 und d
245 0 _aAYDINLANMA DEĞİL MERHAMET
_cALEV ALATLI
260 _bEVEREST YAYINLARI
999 _c1195470
_d1195470